[Event "Ruhrgebiet Bezirksliga 16/17"]
[Site "Ruhrgebiet"]
[Date "2016.09.18"]
[Round "2.3"]
[White "Lankers, Marcus"]
[Black "Rotter, Christian"]
[Result "1/2-1/2"]
[WhiteElo "1752"]
[BlackElo "1609"]
[PlyCount "104"]
[EventDate "2016.08.28"]
[EventType "team-tourn"]
[EventRounds "11"]
[EventCountry "GER"]
[SourceTitle "EXT 2022"]
[Source "ChessBase"]
[SourceDate "2021.10.06"]
[SourceVersion "1"]
[SourceVersionDate "2021.10.06"]
[SourceQuality "1"]
[WhiteTeam "Hamm SG Caissa"]
[BlackTeam "Kamen SV III"]
[WhiteTeamCountry "GER"]
[BlackTeamCountry "GER"]

1. e4 e6 2. d4 d5 3. e5 c5 4. c3 Nc6 5. Nf3 Qb6 6. Be2 Bd7 7. 0-0 cxd4 8. cxd4 Nge7 9. b3 Rc8 10. Be3 Nb4 11. a3 Nc2 12. Ra2 Nxe3 13. fxe3 Nf5 14. Qd3 a6 15. a4 Bb4 16. g4 Nh6 17. h3 Qd8 18. Rc2 Rxc2 19. Qxc2 Qc8 20. Qxc8+ Bxc8 21. Rc1 0-0 22. Nbd2 Bd7 23. Rc7 Bc6 24. Bxa6 Rb8 25. Bb5 Ba5 26. Rxc6 bxc6 27. Bxc6 Rc8 28. Bb5 Rc2 29. Nf1 Rb2 30. Ng3 g6 31. e4 dxe4 32. Nxe4 Rxb3 33. Nf6+ Kg7 34. Kg2 Ng8 35. Ne8+ Kf8 36. Nd6 Rb2+ 37. Kg3 Rb1 38. Kf4 h6 39. Ke4 Rb3 40. g5 hxg5 41. Nxg5 f5+ 42. exf6 Nxf6+ 43. Ke5 Nh5 44. Nxe6+ Kg8 45. Nc4 Be1 46. d5 Bg3+ 47. Kd4 Bf2+ 48. Ke4 Nf6+ 49. Ke5 Rf3 50. Nf4 Kg7 51. Ne6+ Kh6 52. Nf4 Kg7 1/2-1/2